| 000 | 00873nam a22002297a 4500 | ||
|---|---|---|---|
| 003 | BD-DhUL | ||
| 005 | 20160821120704.0 | ||
| 008 | 160821s1995 bg a|||| |||| 00| 0 ben | ||
| 020 | _a9840732838 | ||
| 040 |
_aBD-DhUL _cBD-DhUL |
||
| 082 |
_a307.772 _bHAB |
||
| 100 | 1 | _aহক, খাজা কামরুল। | |
| 245 | 1 |
_aবাংলাদেশের উপজাতি / _cখাজা কামরুল হক |
|
| 260 |
_aঢাকা : _bবাংলা একাডেমী, _c১৯৯৫। |
||
| 300 |
_a৪৩ পৃ. ; _c২১ সেমি। |
||
| 365 |
_aBDT _b15.00 |
||
| 490 | 0 | _aআনন্দ-পঠন গ্রন্থমালা | |
| 504 | _aগ্রন্থপঞ্জিগত তথ্য সংবলিত। | ||
| 650 | 0 |
_aউপজাতি _xবাংলাদেশ |
|
| 650 | 0 |
_aTribal _xBangladesh |
|
| 942 |
_2ddc _cBK |
||
| 999 |
_c99803 _d99803 |
||